LEADER 04026nam 2200505za 450 001 9910466569003321 005 20211005180346.0 035 $a(PPN)231681526 035 $a(MiAaPQ)EBC5492953 035 $a(EXLCZ)994100000005601877 100 $a20180925d2018 uy 0 101 0 $aeng 135 $aurcn|---||||| 200 04$aThe politics of multilingualism$b[electronic resource] $eEuropeanisation, globalisation and linguistic governance /$fedited by Peter A. Kraus, Franc?ois Grin 210 $aAmsterdam $cJohn Benjamins$d2018 215 $a1 online resource (xviii, 367 p.) $cill 225 1 $aStudies in world language problems ;$vv. 6 311 $a90-272-0136-6 311 $a90-272-6361-2 320 $aIncludes bibliographical references and index. 327 $a1. The politics of multilingualism: General introduction and overview -- PART I. RECONCEPTUALISING MULTILINGUALISM AND COLLECTIVE IDENTITY -- 2. The politics of multilingualism in Canada: A neo-institutional approach -- 3. A Russian-speaking nation?: The promotion of the Russian language and its significance for ongoing efforts at Russian nation-building -- 4. The impact of mobility and migration on the identity-constructing policy in Brussels -- 5. From glossophagic hegemony to multilingual pluralism?: Re-assessing the politics of linguistic identity in Europe -- 6. Transient linguistic landscapes of activism: Protesting against austerity policies in the Eurozone -- PART II. LINGUISTIC HEGEMONY, INSECURITY AND LINGUISTIC JUSTICE -- 7. How to measure linguistic justice?: Theoretical considerations and the South Tyrol case study of the Calvet Language Barometer -- 8. Linguistic justice and English as a Lingua Franca -- 9. The promise and pitfalls of global English -- 10. Languages, norms and power in a globalised context -- PART III. LINGUA FRANCA AND GLOBAL LINGUISTIC GOVERNANCE -- 11. On some fashionable terms in multilingualism research: Critical assessment and implications for language policy -- 12. English, the Lingua Nullius of global hegemony -- 13. Idealism or pragmatism?: Ad hoc multilingualism and Open English -- 14. European integration and the variety of languages: An awkward co-existence -- Author index -- Subject index. 330 $aThis book proposes a multidisciplinary assessment of the impact of complex diversity on language politics and policies, analysing how the legacies of the old interact with the challenges of the new. Its main focus is on the interplay of multilingualism on the one hand, and the dynamics of transnationalism, globalisation, and Europeanisation on the other. This interplay confronts contemporary societies with unprecedented questions, as they face the need to come to grips with increasingly varied and pervasive manifestations of linguistic and cultural diversity. This volume develops an integrative approach that identifies the key social and political dimensions at hand, offering an innovative contribution to the ongoing conversation on the manifestations and management of multilingualism. 410 0$aStudies in world language problems ;$vv. 6. 606 $aMultilingualism$xPolitical aspects 606 $aLanguage policy$xPolitical aspects 606 $aTransnationalism$xPolitical aspects 606 $aGlobalization$xPolitical aspects 606 $aLanguage acquisition 606 $aLanguages in contact 606 $aIntercultural communication 608 $aElectronic books. 615 0$aMultilingualism$xPolitical aspects. 615 0$aLanguage policy$xPolitical aspects. 615 0$aTransnationalism$xPolitical aspects. 615 0$aGlobalization$xPolitical aspects. 615 0$aLanguage acquisition. 615 0$aLanguages in contact. 615 0$aIntercultural communication. 676 $a306.449 701 $aKraus$b Peter A$0850808 701 $aGrin$b Franc?ois$0848159 906 $aBOOK 912 $a9910466569003321 996 $aThe politics of multilingualism$91899707 997 $aUNINA LEADER 02248nas 2200709-a 450 001 996203162103316 005 20240112213020.0 011 $a1440-1584 035 $a(DE-599)ZDB2069573-1 035 $a(OCoLC)45596521 035 $a(CKB)954927713323 035 $a(CONSER)---00242400- 035 $a(EXLCZ)99954927713323 100 $a20001219a19929999 s-- - 101 0 $aeng 135 $aurmnu|||||||| 181 $ctxt$2rdacontent 182 $cc$2rdamedia 183 $acr$2rdacarrier 200 14$aThe Australian journal of rural health 210 $a[Carlton South, Vic., Australia] $cBlackwell Pub 215 $a1 online resource 300 $aRefereed/Peer-reviewed 311 $a1038-5282 531 $aAUST J RURAL HEALTH 531 $aAUSTRALIAN JOURNAL OF RURAL HEALTH 531 $aAUST. J. RURAL HEALTH 531 10$aAust J Rural Health 606 $aRural health$vPeriodicals 606 $aRural health$zAustralia$vPeriodicals 606 $aRural Health 606 $aRural Health Care$2ebps 606 $aRural health$2fast$3(OCoLC)fst01101651 606 $aLändlicher Raum$2gnd 606 $aGesundheitsförderung$2gnd 606 $aZeitschrift$2gnd 606 $aOnline-Ressource$2gnd 606 $aMedizinische Versorgung$2gnd 607 $aAustralia 607 $aAustralia$2fast$1https://id.oclc.org/worldcat/entity/E39QbtfRv8PPH7gCqhkJ8DK8bM 607 $aAustralien$2gnd 608 $aPeriodical. 608 $aPeriodicals.$2fast 608 $aPeriodicals.$2lcgft 615 0$aRural health 615 0$aRural health 615 2$aRural Health. 615 7$aRural Health Care. 615 7$aRural health. 615 7$aLändlicher Raum 615 7$aGesundheitsförderung 615 7$aZeitschrift 615 7$aOnline-Ressource 615 7$aMedizinische Versorgung 712 02$aNational Rural Health Alliance (Australia), 712 02$aAssociation for Australian Rural Nurses, 712 02$aAustralian College of Rural and Remote Medicine, 712 02$aServices for Australian Rural and Remote Allied Health, 906 $aJOURNAL 912 $a996203162103316 996 $aThe Australian journal of rural health$92178202 997 $aUNISA